<?xml version="1.0" encoding="UTF-8"?>
<record
    xmlns:xsi="http://www.w3.org/2001/XMLSchema-instance"
    xsi:schemaLocation="http://www.loc.gov/MARC21/slim http://www.loc.gov/standards/marcxml/schema/MARC21slim.xsd"
    xmlns="http://www.loc.gov/MARC21/slim">

  <leader>00640nam a22002417a 4500</leader>
  <controlfield tag="003">UA-OsUOA</controlfield>
  <controlfield tag="001"> 24805 </controlfield>
  <controlfield tag="007">ta</controlfield>
  <controlfield tag="008">20040302b un ||||| |||| 00| 0 ukr d</controlfield>
  <datafield tag="090" ind1=" " ind2=" ">
    <subfield code="a">342.4(091)(477)</subfield>
    <subfield code="b">&#x406;90</subfield>
  </datafield>
  <datafield tag="942" ind1=" " ind2=" ">
    <subfield code="c">BK</subfield>
  </datafield>
  <datafield tag="040" ind1=" " ind2=" ">
    <subfield code="a">UA-OsUOA</subfield>
    <subfield code="b">ukr</subfield>
    <subfield code="c">UA-OsUOA</subfield>
    <subfield code="d">UA-OsUOA</subfield>
  </datafield>
  <datafield tag="245" ind1=" " ind2=" ">
    <subfield code="a">&#x406;&#x441;&#x442;&#x43E;&#x440;&#x456;&#x44F; &#x443;&#x43A;&#x440;&#x430;&#x457;&#x43D;&#x441;&#x44C;&#x43A;&#x43E;&#x457; &#x41A;&#x43E;&#x43D;&#x441;&#x442;&#x438;&#x442;&#x443;&#x446;&#x456;&#x457;</subfield>
    <subfield code="c">&#x423;&#x43F;&#x43E;&#x440;&#x44F;&#x434;. &#x410;.&#x413;.&#x421;&#x43B;&#x44E;&#x441;&#x430;&#x440;&#x435;&#x43D;&#x43A;&#x43E; &#x41C;.&#x412;.&#x422;&#x43E;&#x43C;&#x435;&#x43D;&#x43A;&#x43E;</subfield>
  </datafield>
  <datafield tag="300" ind1=" " ind2=" ">
    <subfield code="a">464 &#x441;.</subfield>
  </datafield>
  <datafield tag="955" ind1=" " ind2=" ">
    <subfield code="a">0</subfield>
  </datafield>
  <datafield tag="041" ind1=" " ind2=" ">
    <subfield code="a">ukr</subfield>
  </datafield>
  <datafield tag="080" ind1=" " ind2=" ">
    <subfield code="a">342.4(091)(477)</subfield>
  </datafield>
  <datafield tag="020" ind1=" " ind2=" ">
    <subfield code="a">966-546-004-8</subfield>
  </datafield>
  <datafield tag="260" ind1=" " ind2=" ">
    <subfield code="a">&#x41A;&#x438;&#x457;&#x432;</subfield>
    <subfield code="b">&#x41F;&#x440;&#x430;&#x432;&#x43E;</subfield>
    <subfield code="c">1997</subfield>
  </datafield>
  <datafield tag="044" ind1=" " ind2=" ">
    <subfield code="a">UA</subfield>
  </datafield>
  <datafield tag="650" ind1=" " ind2="7">
    <subfield code="2">UDC</subfield>
  </datafield>
  <datafield tag="999" ind1=" " ind2=" ">
    <subfield code="c">311089</subfield>
    <subfield code="d">311089</subfield>
  </datafield>
  <datafield tag="952" ind1=" " ind2=" ">
    <subfield code="0">0</subfield>
    <subfield code="1">0</subfield>
    <subfield code="2">udc</subfield>
    <subfield code="4">0</subfield>
    <subfield code="7">0</subfield>
    <subfield code="a">101</subfield>
    <subfield code="b">101</subfield>
    <subfield code="d">2005-02-09</subfield>
    <subfield code="g">40.00</subfield>
    <subfield code="i">48876</subfield>
    <subfield code="l">0</subfield>
    <subfield code="o">342.4(091)(477) &#x406;90</subfield>
    <subfield code="p">48876</subfield>
    <subfield code="r">2021-12-15 00:00:00</subfield>
    <subfield code="w">2004-03-02</subfield>
    <subfield code="y">BK</subfield>
  </datafield>
  <datafield tag="952" ind1=" " ind2=" ">
    <subfield code="0">0</subfield>
    <subfield code="1">0</subfield>
    <subfield code="2">udc</subfield>
    <subfield code="4">0</subfield>
    <subfield code="7">0</subfield>
    <subfield code="a">101</subfield>
    <subfield code="b">101</subfield>
    <subfield code="d">2005-02-09</subfield>
    <subfield code="g">16.50</subfield>
    <subfield code="i">48879</subfield>
    <subfield code="l">0</subfield>
    <subfield code="o">342.4(091)(477) &#x406;90</subfield>
    <subfield code="p">48879</subfield>
    <subfield code="r">2021-12-15 00:00:00</subfield>
    <subfield code="w">2004-03-02</subfield>
    <subfield code="y">BK</subfield>
  </datafield>
  <datafield tag="952" ind1=" " ind2=" ">
    <subfield code="0">0</subfield>
    <subfield code="1">0</subfield>
    <subfield code="2">udc</subfield>
    <subfield code="4">0</subfield>
    <subfield code="7">0</subfield>
    <subfield code="a">101</subfield>
    <subfield code="b">101</subfield>
    <subfield code="d">2005-02-09</subfield>
    <subfield code="g">40.00</subfield>
    <subfield code="i">48880</subfield>
    <subfield code="l">0</subfield>
    <subfield code="o">342.4(091)(477) &#x406;90</subfield>
    <subfield code="p">48880</subfield>
    <subfield code="r">2021-12-15 00:00:00</subfield>
    <subfield code="w">2004-03-02</subfield>
    <subfield code="y">BK</subfield>
  </datafield>
  <datafield tag="952" ind1=" " ind2=" ">
    <subfield code="0">0</subfield>
    <subfield code="1">0</subfield>
    <subfield code="2">udc</subfield>
    <subfield code="4">0</subfield>
    <subfield code="7">0</subfield>
    <subfield code="a">101</subfield>
    <subfield code="b">101</subfield>
    <subfield code="d">2006-08-11</subfield>
    <subfield code="i">48881</subfield>
    <subfield code="l">0</subfield>
    <subfield code="o">342.4(091)(477) &#x406;90</subfield>
    <subfield code="p">48881</subfield>
    <subfield code="r">2021-12-15 00:00:00</subfield>
    <subfield code="w">2004-03-02</subfield>
    <subfield code="y">BK</subfield>
  </datafield>
  <datafield tag="952" ind1=" " ind2=" ">
    <subfield code="0">0</subfield>
    <subfield code="1">0</subfield>
    <subfield code="2">udc</subfield>
    <subfield code="4">0</subfield>
    <subfield code="7">0</subfield>
    <subfield code="a">101</subfield>
    <subfield code="b">101</subfield>
    <subfield code="d">2006-08-11</subfield>
    <subfield code="i">48882</subfield>
    <subfield code="l">0</subfield>
    <subfield code="o">342.4(091)(477) &#x406;90</subfield>
    <subfield code="p">48882</subfield>
    <subfield code="r">2021-12-15 00:00:00</subfield>
    <subfield code="w">2004-03-02</subfield>
    <subfield code="y">BK</subfield>
  </datafield>
  <datafield tag="952" ind1=" " ind2=" ">
    <subfield code="0">0</subfield>
    <subfield code="1">0</subfield>
    <subfield code="2">udc</subfield>
    <subfield code="4">0</subfield>
    <subfield code="7">0</subfield>
    <subfield code="a">102</subfield>
    <subfield code="b">102</subfield>
    <subfield code="d">2004-03-02</subfield>
    <subfield code="g">29.25</subfield>
    <subfield code="i">61292</subfield>
    <subfield code="l">0</subfield>
    <subfield code="o">342.4(091)(477) &#x406;90</subfield>
    <subfield code="p">61292</subfield>
    <subfield code="r">2022-02-06 00:00:00</subfield>
    <subfield code="w">2004-03-02</subfield>
    <subfield code="y">BK</subfield>
  </datafield>
  <datafield tag="952" ind1=" " ind2=" ">
    <subfield code="0">0</subfield>
    <subfield code="1">0</subfield>
    <subfield code="2">udc</subfield>
    <subfield code="4">0</subfield>
    <subfield code="7">0</subfield>
    <subfield code="a">102</subfield>
    <subfield code="b">102</subfield>
    <subfield code="d">2004-03-02</subfield>
    <subfield code="g">47.65</subfield>
    <subfield code="i">66832</subfield>
    <subfield code="l">0</subfield>
    <subfield code="o">342.4(091)(477) &#x406;90</subfield>
    <subfield code="p">66832</subfield>
    <subfield code="r">2022-02-06 00:00:00</subfield>
    <subfield code="w">2004-03-02</subfield>
    <subfield code="y">BK</subfield>
  </datafield>
  <datafield tag="952" ind1=" " ind2=" ">
    <subfield code="0">0</subfield>
    <subfield code="1">0</subfield>
    <subfield code="2">udc</subfield>
    <subfield code="4">0</subfield>
    <subfield code="7">0</subfield>
    <subfield code="a">102</subfield>
    <subfield code="b">102</subfield>
    <subfield code="d">2004-03-02</subfield>
    <subfield code="g">47.65</subfield>
    <subfield code="i">66833</subfield>
    <subfield code="l">0</subfield>
    <subfield code="o">342.4(091)(477) &#x406;90</subfield>
    <subfield code="p">66833</subfield>
    <subfield code="r">2022-02-06 00:00:00</subfield>
    <subfield code="w">2004-03-02</subfield>
    <subfield code="y">BK</subfield>
  </datafield>
  <datafield tag="952" ind1=" " ind2=" ">
    <subfield code="0">0</subfield>
    <subfield code="1">0</subfield>
    <subfield code="2">udc</subfield>
    <subfield code="4">0</subfield>
    <subfield code="7">0</subfield>
    <subfield code="a">102</subfield>
    <subfield code="b">102</subfield>
    <subfield code="d">2004-03-02</subfield>
    <subfield code="g">17.00</subfield>
    <subfield code="i">66834</subfield>
    <subfield code="l">0</subfield>
    <subfield code="o">342.4(091)(477) &#x406;90</subfield>
    <subfield code="p">66834</subfield>
    <subfield code="r">2022-02-06 00:00:00</subfield>
    <subfield code="w">2004-03-02</subfield>
    <subfield code="y">BK</subfield>
  </datafield>
</record>
